Fallout Pre-War Companies - Statistics

General Stats
  • This quiz has been taken 6 times
    4 since last reset
  • The average score is 2 of 27
Answer Stats
Answer Products / Services Known For % Correct
Abraxodyne Chemicals Lifestyle Products Abraxo Cleaning Agent
100%
Poseidon Energy Industry Power Plant With the Same Name
33%
Robco Technology & Defense Assualtrons
33%
Vault-Tec Civil Protection Infamous ¨Vault Experiments¨
33%
BeatCo Hardware Power Fists
0%
Gwinnett Brewery Food & Beverages Alcoholic Drinks Like Stouts and Brews
0%
Blamco Food & Beverages Mac N Cheese
0%
Blue Ridge Caravan Transportation Delivering Supplies
0%
Corvega Automotive Cars
0%
Dunwich Borers Industry Large Scale Boring
0%
Galaxy News Network Media Radio Station
0%
Garrahan Mining Company Industry EX-17 (Excavator) Power Armor
0%
General Atomics Technology Mr Handy's
0%
Glock Defense Plasma Pistols (Real World Brand)
0%
HalluciGen Defense Non-Toxic Gas Canisters
0%
H&H Hardware Brother of CEO is the founder of Robco
0%
Hornwright Industry ¨The Motherlode¨ Robot
0%
Mojave Express Transportation Protagonist Worked Here Post-War
0%
Nuka-Cola Corporation Food & Beverage Its Monopoly on Beverages
0%
Pulowski Preservation Services Civil Protection Cheap but Faulty Shelters
0%
Radiation King Electronics TVs
0%
Red Rocket Automotive Truck Stops Found Everywhere
0%
Sunset Sarsaparilla Food & Beverages Star Caps
0%
Vim! Soda Food & Beverages Soda That Collabed With West Tek
0%
Wattz Electronics Defence & Electronics Laser Rifles
0%
West Tek Defense T-Series Power Armor
0%
Winchester Defense Plasma Rifles (Also Real Life Brand)
0%
No matching quizzes found
Score Distribution
Percent of People with Each Score
Percentile by Number Answered
Your Score History
You have not taken this quiz since the last reset